| 000 | | | 03692nmc2a22002413x 450 |
| 001 | | | 0a57bce1-5c86-45db-b0c7-f643dcba7d8d |
| 005 | | | 20210402220128.0 |
| 100 | ## | $a | 20200915l18801918k l0rusy0189 ca |
| 101 | 0# | $a | rus |
| 102 | ## | $a | RU |
| 105 | ## | $a | a### |
| 122 | 2# | $a | d |
| 200 | 1# | $a | Диаграммы о ввозе и вывозе муки и пшеницы по странам за 1883-1907 годы. Статистические сведения о вывозе и ввозе зерновых культур за 1898-1905 годы |
| | $j | без даты |
| 215 | ## | $a | 13 л. |
| | $c | диагр. |
| | $d | 36,5х26 см |
| 251 | ## | $c | Дело |
| 300 | ## | $a | Отдел статистический |
| 371 | ## | $a | Документ не является опубликованным и широко распространяемым |
| 461 | #0 | $1 | 001462bc950-73da-43c4-909a-7b2c52d22778 |
| | $1 | 2001 |
| | $a | Совет съездов представителей промышленности и торговли |
| | $1 | 251 |
| | $c | Фонд |
| | $1 | 852 |
| | $j | 32 |
| 462 | #0 | $1 | 0016d63d908-4edb-4782-94eb-bfaf477d4f70 |
| | $1 | 2001 |
| | $a | Опись № 1 |
| | $1 | 251 |
| | $c | Опись |
| | $1 | 852 |
| | $j | 1 |
| 801 | #0 | $a | RU |
| | $b | РГИА |
| | $c | 20200915 |
| | $g | RCR |
| 801 | #1 | $a | RU |
| | $b | ГлавНИВЦ |
| | $c | 20200915 |
| | $2 | rusmarc |
| 801 | #2 | $a | RU |
| | $b | ПБ им. Б.Н. Ельцина |
| | $c | 20210402 |
| | $g | RCR |
| | $2 | rusmarc |
| 850 | ## | $a | РГИА |
| 852 | ## | $a | РГИА |
| | $e | Федеральное казенное учреждение "Российский государственный исторический архив" (РГИА) |
| | $j | 1163 |
| 937 | ## | $h | РГИА |
| | $d | 12351626 |
| | $a | ASBIBLIO_SCAN |
| 035 | ## | $a | RusGRCC00012531 |
| 856 | ## | $u | http://readingroom.main.prlib.ru/item.aspx?id_node=n161073929&mode=full |